| 000 | 02234nam2a22003251 4500 | ||
|---|---|---|---|
| 001 | v19\rc\2041367 | ||
| 005 | 20250620031150.0 | ||
| 035 | _a(NLR Aleph) 005145448 | ||
| 090 |
_a4846952 _c4846952 |
||
| 100 | _a20081111d1903 |||y0rusy50 ca | ||
| 101 | 0 | _arus | |
| 102 | _aRU | ||
| 105 | _ay i ||||| | ||
| 200 | 1 | _aЧисленность и состав населения по полу, возрасту, месту рождения (в С.-Петербурге или вне его), времени поселения в С.-Петербурге, семейному состоянию, грамотности, сословию, вероисповеданию и родному языку | |
| 210 |
_d1903 _aБ. м. |
||
| 215 | _aVIII, 201 с. | ||
| 325 | _aКопия доступна в Электрон. б-ке РНБ http://vivaldi.nlr.ru/bx000007472/view | ||
| 461 | 0 |
_1001v19\rc\2041366 _12001#$aС.-Петербург по переписи 15 декабря 1900 года$iНаселение$f[под ред. Н.А. Федулова]$vВып. 1 _96044520 _cС.-Петербург _d1903-1905 _f[под ред. Н.А. Федулова] _iНаселение _nГородская управа по Статистическому отделению _tС.-Петербург по переписи 15 декабря 1900 года _vВып. 1 |
|
| 532 | 1 | 2 |
_aЧисленность и состав населения по полу, возрасту, месту рождения (в Санкт-Петербурге или вне его), времени поселения в Санкт-Петербурге, семейному состоянию, грамотности, сословию, вероисповеданию и родному языку _zrus |
| 801 | 0 |
_aRU _bNLR _gpsbo |
|
| 801 | 1 |
_aRU _bProSoft-M _2rusmarc |
|
| 801 | 2 |
_aRU _bNLR _c20150710 _2rusmarc |
|
| 852 |
_aNLR _j134/527 |
||
| 852 |
_aNLR _j38.22.1.6 |
||
| 942 | _cBOOK | ||
| 980 | _aNB | ||
| 981 | 4 | 3 |
_a(43) Тематическая подборка Санкт-Петербург _b(43) Перепись |
| 981 | 3 | 4 |
_a(34) Санкт-Петербург _b(34) Книги о Санкт-Петербурге |